State by Picture - Statistics

General Stats
  • This quiz has been taken 22 times
  • The average score is 12 of 16
Answer Stats
Picture Answer % Correct
Alaska
100%
New York
100%
Washington D.C
100%
California
95%
Hawaii
90%
Illinois
85%
Missouri
85%
Pennsylvania
85%
Arizona
80%
Florida
80%
Georgia
80%
Texas
80%
Massachusetts
65%
Kentucky
50%
Vermont
40%
Minnesota
20%
No matching quizzes found
Score Distribution
Percent of People with Each Score
Percentile by Number Answered
Your Score History
You have not taken this quiz